[Event "13th TCh-RUS w 2012"]
[Site "Sochi RUS"]
[Date "2012.04.15"]
[Round "7"]
[White "Goryachkina, Aleksandra"]
[Black "Molchanova, Tatjana"]
[Result "1/2-1/2"]
[WhiteTitle "WIM"]
[BlackTitle "WGM"]
[WhiteElo "2341"]
[BlackElo "2346"]
[WhiteTeam "Yamal, YNAO"]
[BlackTeam "Chigorin Chess Club, St. Petersburg"]
[WhiteFideId "4147103"]
[BlackFideId "4132203"]
[EventDate "2012.04.09"]

1. d4 d5 2. c4 e6 3. g3 Nf6 4. Bg2 Bb4+ 5. Nd2 O-O 6. Qc2 c6 7. Nf3 Nbd7 8. O-O
Re8 9. e4 e5 10. cxd5 cxd5 11. dxe5 Nxe5 12. Nxe5 Rxe5 13. exd5 Nxd5 14. Nc4 Re7
15. Qa4 Bd7 16. Qd1 Bc6 17. a3 Bc5 18. b4 Nb6 19. Bxc6 Nxc4 20. bxc5 bxc6 21.
Bf4 Ne5 22. Qb3 Qd3 23. Qxd3 Nxd3 24. Bd6 Re2 25. Rad1 Ne5 26. Rb1 Nc4 27. Rb7
Nxa3 28. Rc7 Nb5 29. Rxc6 Nxd6 30. cxd6 Rd2 31. Re1 Kf8 32. Ra1 Rd8 33. Raa6 g6
34. g4 h6 35. Kg2 Rd4 36. Kg3 Rd1 37. h4 Rd7 38. f3 Kg7 39. g5 hxg5 40. hxg5 Rd5
41. Kf4 Rd1 42. Ke4 1/2-1/2